| 000 | 00952cam a22003015i 4500 | ||
|---|---|---|---|
| 001 | 016300531 | ||
| 003 | EG-ScBUE | ||
| 005 | 20230117141126.0 | ||
| 008 | 130307s2013 cc a f 000 0 eng d | ||
| 020 | _a9789881668721 | ||
| 040 |
_aStDuBDS _beng _erda _cStDuBDS _dUk _dEG-ScBUE |
||
| 082 | 0 | 4 |
_a747 _222 _bGRA |
| 245 | 0 | 0 |
_aGraphic x space II / _cchief editor Ding Xiaojuan. |
| 246 | 3 | _aGraphic x space 2 | |
| 264 | 1 |
_aHong Kong : _bArtpower International Publishing, _c[2013] |
|
| 300 |
_a271 pages : _billustrations ; _c29 cm |
||
| 336 |
_2rdacontent _atext _btxt |
||
| 337 |
_2rdamedia _aunmediated _bn |
||
| 338 |
_2rdacarrier _avolume _bnc |
||
| 650 | 7 |
_aInterior decoration _vPictorial works. _2BUEsh _912980 |
|
| 650 | 7 |
_aGraphic arts. _2BUEsh _940725 |
|
| 650 | 7 |
_aSpace (Architecture) _2BUEsh _96955 |
|
| 651 | _2BUEsh | ||
| 653 |
_bCOMAME _cNovember2017 |
||
| 655 | _vReading book | ||
| 700 | 1 |
_aDing, XiaoJuan, _eeditor. |
|
| 942 |
_2ddc _cBB |
||
| 999 |
_c25646 _d25618 |
||